[Event "Bogota McGregor op 4th"]
[Site "Bogota"]
[Date "2013.12.07"]
[Round "6"]
[White "Caro Bermudes, Erick"]
[Black "Buitrago, Bernardo"]
[Result "1-0"]
[WhiteElo "2201"]
[BlackElo "1880"]
[PlyCount "93"]
[EventDate "2013.12.04"]
[EventType "swiss"]
[EventRounds "9"]
[EventCountry "COL"]
[SourceTitle "CBM 157 Extra"]
[Source "ChessBase"]
[SourceDate "2013.12.19"]
[SourceVersion "1"]
[SourceVersionDate "2013.12.19"]
[SourceQuality "1"]

1. e4 c5 2. Nf3 Nc6 3. d4 cxd4 4. Nxd4 a6 5. Nc3 e6 6. g3 Nf6 7. Bg2 Be7 8. 0-0 0-0 9. a4 Qb6 10. Nxc6 dxc6 11. e5 Nd5 12. Ne4 f5 13. exf6 Nxf6 14. a5 Qc7 15. Be3 Nxe4 16. Bxe4 Qe5 17. Qg4 Qf6 18. Bd4 e5 19. Qh5 Bf5 20. Bxf5 Qxf5 21. Qxf5 Rxf5 22. Bb6 Rf7 23. Rad1 Bf6 24. c3 Re8 25. Rfe1 Ree7 26. Rd8+ Rf8 27. Rxf8+ Kxf8 28. Bc5 Ke8 29. Bxe7 Kxe7 30. Kg2 Kd6 31. Rd1+ Kc7 32. Kf3 c5 33. Ke4 Kc6 34. c4 b6 35. axb6 Kxb6 36. Rd6+ Ka5 37. b3 Kb4 38. Rb6+ Kc3 39. Kd5 Kd3 40. Kxc5 Ke2 41. Kd5 Kxf2 42. c5 Kf3 43. Re6 h5 44. c6 Bd8 45. Rxe5 g6 46. Re8 Bc7 47. Re7 1-0

[Event "Bogota McGregor op 4th"]
[Site "Bogota"]
[Date "2013.12.07"]
[Round "7"]
[White "Munoz Romero, Cristian Camilo"]
[Black "Caro Bermudes, Erick"]
[Result "0-1"]
[WhiteElo "1981"]
[BlackElo "2201"]
[PlyCount "70"]
[EventDate "2013.12.04"]
[EventType "swiss"]
[EventRounds "9"]
[EventCountry "COL"]
[SourceTitle "CBM 157 Extra"]
[Source "ChessBase"]
[SourceDate "2013.12.19"]
[SourceVersion "1"]
[SourceVersionDate "2013.12.19"]
[SourceQuality "1"]

1. d4 Nf6 2. Nf3 e6 3. Bg5 c5 4. e3 b6 5. Bd3 Bb7 6. Nbd2 cxd4 7. exd4 Be7 8. 0-0 0-0 9. Re1 d6 10. Qe2 Nbd7 11. c4 Re8 12. Rac1 Rc8 13. b4 Rc7 14. Bb1 Qa8 15. Qd3 Bf8 16. Bxf6 Nxf6 17. Ng5 g6 18. Nde4 Nxe4 19. Nxe4 Bxe4 20. Rxe4 d5 21. Rh4 Rxc4 22. Rxc4 dxc4 23. Qh3 h6 24. Qg4 Qd8 25. Bxg6 fxg6 26. Qxg6+ Bg7 27. Rxh6 Re7 28. Rh4 Rf7 29. Qh7+ Kf8 30. Qe4 Qd5 31. Qe3 Qf5 32. Re4 c3 33. f3 c2 34. Qc3 Qxe4 35. Qc8+ Ke7 0-1

[Event "Bogota McGregor op 4th"]
[Site "Bogota"]
[Date "2013.12.06"]
[Round "4"]
[White "Caro Bermudes, Erick"]
[Black "Riascos, Guillermo"]
[Result "1-0"]
[WhiteElo "2200"]
[BlackElo "1864"]
[PlyCount "157"]
[EventDate "2013.12.04"]
[EventType "swiss"]
[EventRounds "9"]
[EventCountry "COL"]
[SourceTitle "CBM 157 Extra"]
[Source "ChessBase"]
[SourceDate "2013.12.19"]
[SourceVersion "1"]
[SourceVersionDate "2013.12.19"]
[SourceQuality "1"]

1. e4 c5 2. Nf3 Nc6 3. d4 cxd4 4. Nxd4 Nf6 5. Nc3 a6 6. Nxc6 bxc6 7. e5 Ng8 8. Bc4 e6 9. 0-0 Ne7 10. Bg5 Qb6 11. Bb3 Ng6 12. Be3 Qc7 13. f4 Be7 14. Ne4 0-0 15. Qh5 c5 16. c4 Bb7 17. Bc2 Qc6 18. Rf3 Rfd8 19. Rh3 Nf8 20. Rg3 Ng6 21. Ng5 Bxg5 22. Qxg5 d5 23. exd6 Rxd6 24. Rf1 f5 25. h4 Rd7 26. h5 Nf8 27. h6 g6 28. Rf2 a5 29. Rd2 Kf7 30. Rxd7+ Nxd7 31. Bd2 Rf8 32. Bxa5 Qa6 33. Rd3 Qc6 34. Bc3 Ke8 35. Kh2 Qa6 36. Re3 Qd6 37. Ba4 Bc6 38. Bxc6 Qxc6 39. Bg7 Rf7 40. Ra3 Qe4 41. Ra7 Nf6 42. Ra3 Ng4+ 43. Kh3 Rd7 44. Qxg6+ hxg6 45. h7 Rd3+ 46. Kh4 Rxa3 47. h8Q+ Kd7 48. bxa3 Qxf4 49. g3 Qd2 50. Bc3 Qh2+ 51. Kg5 Qxg3 52. Qg7+ Kc6 53. Kxg6 Nf2+ 54. Kf7 Qxg7+ 55. Bxg7 Kd7 56. a4 Nd3 57. a5 Nb4 58. Bf8 Na6 59. Kf6 f4 60. Bh6 f3 61. Be3 Kd6 62. Bf4+ Kd7 63. Bg3 Nb4 64. a3 Nd3 65. a6 Kc6 66. a7 Kb7 67. Kxe6 f2 68. Bxf2 Nxf2 69. a8Q+ Kxa8 70. Kd5 Nd3 71. Ke4 Nc1 72. Kd5 Nb3 73. Kc6 Ka7 74. Kb5 Kb7 75. a4 Kc7 76. a5 Kd6 77. Kb6 Kd7 78. a6 Kc8 79. a7 1-0

[Event "Pan American-ch U20"]
[Site "Macas"]
[Date "2000.07.10"]
[Round "9"]
[White "Esplana, Christian"]
[Black "Caro Bermudes, Erick"]
[Result "1-0"]
[WhiteElo "2239"]
[BlackElo "2194"]
[PlyCount "127"]
[EventDate "2000.07.04"]
[EventType "swiss"]
[EventRounds "11"]
[EventCountry "ECU"]
[SourceTitle "EXT 2001"]
[Source "ChessBase"]
[SourceDate "2000.11.22"]
[SourceVersion "1"]
[SourceVersionDate "2000.11.22"]
[SourceQuality "1"]

1. e4 e5 2. Nf3 Nf6 3. Bc4 Nxe4 4. Nc3 Nc6 5. Nxe4 d5 6. Bb5 dxe4 7. Nxe5 Qd5 8. Bxc6+ bxc6 9. d4 exd3 10. 0-0 Bd6 11. Nxd3 0-0 12. Be3 Re8 13. b3 c5 14. c4 Qf5 15. Qd2 Bb7 16. f3 Rad8 17. Rad1 Rd7 18. Bf2 Red8 19. Rfe1 Bf8 20. Re3 g6 21. Bh4 g5 22. Bf2 Bg7 23. Qe2 Kf8 24. Re1 Bd4 25. Re8+ Rxe8 26. Qxe8+ Kg7 27. Bxd4+ Rxd4 28. Nf2 Rd2 29. a4 Qc2 30. Qe5+ Kg6 31. Qxc5 Qxb3 32. Qxc7 Qb2 33. Qc5 Qb6 34. Qxb6+ axb6 35. Rb1 Rc2 36. Rxb6+ Kg7 37. Rxb7 Rc1+ 38. Nd1 Rxd1+ 39. Kf2 Rc1 40. Rb4 Kf6 41. a5 Ra1 42. Rb5 Ra4 43. c5 Ke6 44. c6 Rc4 45. Rxg5 Rxc6 46. Rh5 Rc2+ 47. Kg3 Ra2 48. Rxh7 Rxa5 49. Kg4 Kf6 50. Rh5 Ra4+ 51. f4 Kg6 52. Rg5+ Kh6 53. g3 f6 54. Rb5 Ra7 55. Kf5 Ra2 56. Kxf6 Rg2 57. Rg5 Ra2 58. Rg6+ Kh7 59. Kg5 Rg2 60. Rh6+ Kg7 61. Rh3 Ra2 62. g4 Ra5+ 63. f5 Rb5 64. Ra3 1-0

[Event "Pan American-ch U20"]
[Site "Macas"]
[Date "2000.07.07"]
[Round "5"]
[White "Mieles Palau, Daniel Alberto"]
[Black "Caro Bermudes, Erick"]
[Result "1-0"]
[WhiteElo "2316"]
[BlackElo "2194"]
[PlyCount "79"]
[EventDate "2000.07.04"]
[EventType "swiss"]
[EventRounds "11"]
[EventCountry "ECU"]
[SourceTitle "EXT 2001"]
[Source "ChessBase"]
[SourceDate "2000.11.22"]
[SourceVersion "1"]
[SourceVersionDate "2000.11.22"]
[SourceQuality "1"]

1. e4 e5 2. Nf3 Nf6 3. Nxe5 d6 4. Nf3 Nxe4 5. d4 d5 6. Bd3 Nc6 7. 0-0 Be7 8. Re1 Bg4 9. c3 f5 10. Nbd2 0-0 11. Qc2 Rf6 12. b4 a6 13. Ne5 Nxe5 14. dxe5 Rg6 15. f3 Bh3 16. Re2 c5 17. fxe4 fxe4 18. Nxe4 dxe4 19. Bxe4 Bg4 20. Bxg6 Bxe2 21. Bxh7+ Kh8 22. Qxe2 Kxh7 23. Qe4+ Kh8 24. Be3 Qc7 25. bxc5 Rc8 26. Rf1 Bxc5 27. Bd4 Qe7 28. Rf3 Bxd4+ 29. cxd4 Rc1+ 30. Kf2 Rc6 31. Rh3+ Rh6 32. Rxh6+ gxh6 33. e6 Kg7 34. Qe5+ Kg6 35. g4 Qh4+ 36. Kg2 Qe7 37. d5 Qa3 38. e7 Qxa2+ 39. Kg3 Qb3+ 40. Kh4 1-0